000
00295nam a22001337a 4500
008
170403b xxu||||| |||| 00| 0 eng d
020
_a
0316797057
041
_a
eng
080
_2
3 ED
_a
574
100
_a
9
101
_a
SHM
245
_a
THEINTIMATE ENVIRONMENT
_c
SKOHNICK.A.S
942
_2
udc
_c
BK
999
_c
9560
_d
9560